[Event "DEM U14w 2012"]
[Site "Oberhof GER"]
[Date "2012.05.31"]
[Round "7"]
[White "Brandl, Lea Maria"]
[Black "Nobis, Anna"]
[Result "1/2-1/2"]
[Termination "normal"]
[Board "5"]
[WhiteElo "1622"]
[BlackElo "1577"]
[PlyCount "104"]
[WhiteFideId "24693049"]
[BlackFideId "1270302"]
[EventCountry "GER"]
[EventRounds "9"]
[EventType "swiss"]
[EventDate "2012.05.26"]

1. Nf3 Nf6 2. g3 g6 3. Bg2 Bg7 4. O-O O-O 5. c4 d6 6. Nc3 e5 7. d3 Nc6 8. Rb1
a5 9. a3 Be6 10. b4 axb4 11. axb4 Qc8 12. Bh1 Ne8 13. Bd2 Kh8 14. b5 Nd8 15.
Qc1 f5 16. Ne1 Nf7 17. Nc2 f4 18. Nb4 Bh3 19. Re1 Ng5 20. Nbd5 Qf5 21. Nd1 h5
22. f3 Ne6 23. Nf2 fxg3 24. hxg3 Nc5 25. Ne7 Qe6 26. Nxh3 Qxe7 27. Nf2 Bf6 28.
Ne4 Nxe4 29. fxe4 Qe6 30. Kh2 Rg8 31. Bf3 Qf7 32. Rh1 Rg7 33. Kg1 Rh7 34. Qc2
Qe7 35. Qc1 Ng7 36. Be3 Ne6 37. Qd2 Bg5 38. Bxg5 Qxg5 39. Qxg5 Nxg5 40. Kg2 Rf7
41. Rb2 Kg7 42. Rc2 b6 43. Rb2 Raf8 44. Rf1 Ne6 45. e3 Nc5 46. Be2 Rxf1 47.
Bxf1 Ra8 48. Rd2 Rf8 49. Rb2 g5 50. Be2 g4 51. Rd2 Kg6 52. Rd1 Kg5 1/2-1/2

[Event "DEM U14w 2012"]
[Site "Oberhof GER"]
[Date "2012.05.31"]
[Round "7"]
[White "Fesselier, Melissa"]
[Black "Srokovskiy, Andrea"]
[Result "0-1"]
[Termination "normal"]
[Board "6"]
[WhiteElo "1624"]
[BlackElo "1767"]
[PlyCount "64"]
[WhiteFideId "20689284"]
[BlackFideId "4624947"]
[EventCountry "GER"]
[EventRounds "9"]
[EventType "swiss"]
[EventDate "2012.05.26"]

1. e4 c5 2. c3 g6 3. d4 cxd4 4. cxd4 d5 5. exd5 Qxd5 6. Nc3 Qa5 7. Bc4 Bg7 8.
Nf3 Nh6 9. O-O O-O 10. Bb3 Bg4 11. h3 Bxf3 12. Qxf3 Nc6 13. d5 Nd4 14. Qd1 Nhf5
15. Bd2 Qb6 16. Na4 Qd6 17. Nc3 Rfd8 18. Bc4 Rac8 19. b3 b5 20. Bd3 b4 21. Ne4
Qxd5 22. Rc1 Rxc1 23. Bxc1 Ne6 24. Bc2 Qa5 25. Qe1 Qxa2 26. Bd1 Qb1 27. Bd2 a5
28. Qe2 Ned4 29. Qe1 Nxb3 30. Bxb3 Qxb3 31. g4 Nd4 32. Qc1 Qxh3 0-1

[Event "DEM U14w 2012"]
[Site "Oberhof GER"]
[Date "2012.05.31"]
[Round "7"]
[White "Gaßmann, Linda"]
[Black "Rosmait, Emily"]
[Result "1-0"]
[Termination "normal"]
[Board "7"]
[WhiteElo "1779"]
[BlackElo "1628"]
[PlyCount "77"]
[WhiteFideId "12900451"]
[BlackFideId "12937754"]
[EventCountry "GER"]
[EventRounds "9"]
[EventType "swiss"]
[EventDate "2012.05.26"]

1. e4 e5 2. Nf3 Nc6 3. d4 exd4 4. Nxd4 Bc5 5. Be3 Qf6 6. c3 Nge7 7. g3 d5 8.
Bg2 dxe4 9. Bxe4 Nxd4 10. cxd4 Bb4+ 11. Nc3 O-O 12. O-O c6 13. Qa4 Bd6 14. Bg2
a6 15. Ne4 Qg6 16. Nxd6 Qxd6 17. Bf4 Qf6 18. Be5 Qg6 19. Rfe1 Nf5 20. d5 cxd5
21. Bxd5 Qb6 22. Rad1 Qg6 23. Qb3 a5 24. Bxb7 Be6 25. Qa4 Rae8 26. Bc6 Rc8 27.
Be4 h5 28. Qxa5 h4 29. b4 f6 30. Bf4 hxg3 31. fxg3 Qh5 32. Bd5 Bxd5 33. Qxd5+
Kh8 34. Qb3 Qg4 35. Kh1 Qh3 36. Rg1 Rfe8 37. Rd3 Re2 38. g4 Rcc2 39. Rxh3+ 1-0

[Event "DEM U14w 2012"]
[Site "Oberhof GER"]
[Date "2012.05.31"]
[Round "7"]
[White "Petermann, Tessa"]
[Black "Koch, Elisabeth"]
[Result "1/2-1/2"]
[Termination "normal"]
[Board "8"]
[WhiteElo "1428"]
[BlackElo "1739"]
[PlyCount "84"]
[WhiteFideId "12929492"]
[BlackFideId "24695068"]
[EventCountry "GER"]
[EventRounds "9"]
[EventType "swiss"]
[EventDate "2012.05.26"]

1. e4 e5 2. Nf3 Nc6 3. d4 exd4 4. Bc4 Nf6 5. O-O Nxe4 6. Re1 d5 7. Bxd5 Qxd5 8.
Nc3 Qa5 9. Nxe4 Be6 10. Bd2 Qd5 11. Bg5 Bd6 12. Bf6 O-O 13. Nxd4 Nxd4 14. Qxd4
Qxd4 15. Bxd4 Bb4 16. Bc3 Be7 17. Rad1 Rad8 18. Ng3 Rfe8 19. a3 c5 20. h3 b5
21. Nf5 Bf8 22. Ne3 f6 23. Rxd8 Rxd8 24. Rd1 Rxd1+ 25. Nxd1 Kf7 26. b4 c4 27.
Bd4 a6 28. c3 Kg6 29. Ne3 Kg5 30. f3 Bd6 31. Kf2 h5 32. g4 h4 33. Ke2 Kf4 34.
Kf2 Kg5 35. Ke2 Bg3 36. Kf1 Be5 37. Bxe5 fxe5 38. Ke2 Kf4 39. Kf2 g6 40. Ng2+
Kg5 41. Ke2 Bd5 42. Ke3 Bc6 1/2-1/2

[Event "DEM U14w 2012"]
[Site "Oberhof GER"]
[Date "2012.05.31"]
[Round "7"]
[White "Wetzler, Sophia"]
[Black "Sherif, Amina"]
[Result "0-1"]
[Termination "normal"]
[Board "9"]
[WhiteElo "1297"]
[BlackElo "1574"]
[PlyCount "108"]
[WhiteFideId "12951960"]
[BlackFideId "12911690"]
[EventCountry "GER"]
[EventRounds "9"]
[EventType "swiss"]
[EventDate "2012.05.26"]

1. e4 e5 2. Nf3 Nf6 3. Bc4 Nxe4 4. Nc3 Nf6 5. Nxe5 d5 6. Bb3 Bd6 7. Qe2 Be6 8.
d4 c6 9. Bg5 O-O 10. O-O Re8 11. f4 Bf5 12. Qf2 h6 13. Bh4 Be7 14. Rae1 Nbd7
15. Ne2 Ne4 16. Bxe7 Qxe7 17. Qe3 Ndf6 18. Ng3 Nxg3 19. Qxg3 Ne4 20. Qe3 Qd6
21. Nd3 Kf8 22. Nf2 Qf6 23. c3 Qg6 24. c4 Nxf2 25. Qxf2 Bd3 26. Rxe8+ Rxe8 27.
Rc1 Re2 28. Qg3 Qxg3 29. hxg3 Be4 30. Kh2 Rxg2+ 31. Kh3 dxc4 32. Bxc4 Rxb2 33.
Bb3 Rd2 34. Rd1 Rxd1 35. Bxd1 Ke7 36. Bb3 Bd5 37. Bxd5 cxd5 38. Kg4 Kf6 39. a4
a6 40. a5 g6 41. Kf3 h5 42. Kf2 Kf5 43. Kf3 f6 44. Ke3 Kg4 45. Kf2 g5 46. fxg5
fxg5 47. Kg2 h4 48. Kh2 h3 49. Kg1 Kxg3 50. Kh1 Kf2 51. Kh2 g4 52. Kh1 h2 53.
Kxh2 g3+ 54. Kh1 g2+ 0-1

[Event "DEM U14w 2012"]
[Site "Oberhof GER"]
[Date "2012.05.31"]
[Round "7"]
[White "Döpper, Anna Berenice"]
[Black "Schneider, Sabrina"]
[Result "1/2-1/2"]
[Termination "normal"]
[Board "11"]
[WhiteElo "1419"]
[BlackElo "1237"]
[PlyCount "42"]
[WhiteFideId "1271853"]
[BlackFideId "12951986"]
[EventCountry "GER"]
[EventRounds "9"]
[EventType "swiss"]
[EventDate "2012.05.26"]

1. e4 e5 2. d4 exd4 3. Nf3 Nc6 4. Bc4 Nf6 5. e5 d5 6. Bb5 Ne4 7. Nxd4 Bc5 8.
Be3 Bd7 9. Bxc6 bxc6 10. f3 Qh4+ 11. Ke2 Bxd4 12. Bxd4 O-O 13. Qg1 Ng5 14. Qf2
Qxf2+ 15. Kxf2 Ne6 16. Rd1 Rfd8 17. c3 a5 18. Na3 c5 19. Be3 Bc6 20. Nc2 Rab8
21. b3 h6 1/2-1/2

[Event "DEM U14w 2012"]
[Site "Oberhof GER"]
[Date "2012.05.31"]
[Round "7"]
[White "Holschuh, Luisa"]
[Black "Morio, Estelle"]
[Result "1-0"]
[Termination "normal"]
[Board "12"]
[WhiteElo "1289"]
[BlackElo "1355"]
[PlyCount "49"]
[WhiteFideId "12951978"]
[BlackFideId "12951951"]
[EventCountry "GER"]
[EventRounds "9"]
[EventType "swiss"]
[EventDate "2012.05.26"]

1. e4 e5 2. Nc3 Nf6 3. f4 d5 4. fxe5 Nxe4 5. d3 Nxc3 6. bxc3 Be7 7. Nf3 O-O 8.
Be2 f6 9. O-O c5 10. d4 c4 11. Rb1 Qa5 12. Bd2 Qa6 13. exf6 Bxf6 14. Ne5 Qxa2
15. Bf3 Qa5 16. Ra1 Qd8 17. Qb1 Bxe5 18. dxe5 Na6 19. Bg5 Qd7 20. Ra5 Nc7 21.
Rc5 b6 22. Rxc7 Qe6 23. Qd1 Qe8 24. Re7 Qg6 25. Bxd5+ 1-0

[Event "DEM U14w 2012"]
[Site "Oberhof GER"]
[Date "2012.05.31"]
[Round "7"]
[White "Eltze, Marlen"]
[Black "Wheeler, Sara"]
[Result "0-1"]
[Termination "normal"]
[Board "13"]
[WhiteElo "1183"]
[BlackElo "1320"]
[PlyCount "150"]
[BlackFideId "12923079"]
[EventCountry "GER"]
[EventRounds "9"]
[EventType "swiss"]
[EventDate "2012.05.26"]

1. e4 c5 2. Nc3 d6 3. f4 g6 4. Bc4 Bg7 5. Nf3 Nc6 6. d3 e6 7. O-O Nge7 8. Qe1
O-O 9. Qh4 d5 10. Bb3 dxe4 11. dxe4 Nd4 12. Nxd4 Bxd4+ 13. Kh1 Bg7 14. f5 exf5
15. Bh6 Nc6 16. Qxd8 Rxd8 17. Bg5 Rf8 18. exf5 Bxf5 19. Nd5 Nd4 20. Ne7+ Kh8
21. Nxf5 Nxf5 22. c3 h6 23. Bf4 Kg8 24. Bd5 g5 25. Bxb7 Rae8 26. Bd2 Nd6 27.
Bf3 Rb8 28. b3 Rfd8 29. Rad1 Nb5 30. c4 Nc3 31. Bxc3 Bxc3 32. Bd5 Rd7 33. Rf3
Bd4 34. Rdf1 Rf8 35. Rf5 Kg7 36. h4 gxh4 37. Kh2 Re7 38. Kh3 f6 39. Kxh4 Re2
40. a4 Rfe8 41. Rb1 Kg6 42. g4 h5 43. Rxh5 Rh2+ 44. Kg3 Rxh5 45. gxh5+ Kh6 46.
Bf3 Rg8+ 47. Kf4 Be5+ 48. Ke4 Rd8 49. Kf5 Rd4 50. Be2 Rf4+ 51. Ke6 Bc3 52. Kd6
Rf2 53. Bd1 Bb4 54. Kd5 a6 55. Ke4 a5 56. Bg4 Kg5 57. Rg1 Rf4+ 58. Kd5 Rxg4 59.
Rxg4+ Kxg4 60. h6 Bc3 61. Ke4 f5+ 62. Kd3 Be5 63. h7 f4 64. Ke2 Kg3 65. Kf1 Kg4
66. Kf2 Bd4+ 67. Kf1 Kg5 68. Ke2 Kg6 69. Kf3 Kf5 70. Ke2 Ke4 71. Kf1 Kf3 72.
Ke1 Kg2 73. Ke2 f3+ 74. Ke1 f2+ 75. Kd2 f1=Q 0-1

[Event "DEM U14w 2012"]
[Site "Oberhof GER"]
[Date "2012.05.31"]
[Round "7"]
[White "Silber, Stefanie"]
[Black "Reyher, Susan"]
[Result "0-1"]
[Termination "normal"]
[Board "14"]
[WhiteElo "1036"]
[BlackElo "1413"]
[PlyCount "88"]
[WhiteFideId "12918245"]
[BlackFideId "24686107"]
[EventCountry "GER"]
[EventRounds "9"]
[EventType "swiss"]
[EventDate "2012.05.26"]

1. e4 e5 2. Nf3 Nc6 3. Bc4 Bc5 4. d3 Nf6 5. c3 d6 6. b4 Bb6 7. Nbd2 a6 8. Nf1
Bg4 9. Be3 O-O 10. Ng3 d5 11. Bb3 Qd7 12. h3 Be6 13. Bc2 Rad8 14. d4 dxe4 15.
Nxe4 exd4 16. Nxf6+ gxf6 17. cxd4 Bxd4 18. Nxd4 Nxd4 19. Bxd4 Qxd4 20. Qxd4
Rxd4 21. a3 Bc4 22. f3 Re8+ 23. Kf2 Rd2+ 24. Kg3 Rxc2 25. h4 Ree2 26. Rhg1 Ra2
27. a4 Rxa1 28. Rxa1 Rb2 29. b5 axb5 30. axb5 Bxb5 31. Kh3 c5 32. g4 c4 33. h5
h6 34. Kg3 c3 35. Kf4 c2 36. Rc1 Ba4 37. Ke3 Rb1 38. Kd2 Rxc1 39. Kxc1 Kf8 40.
Kb2 Ke7 41. Kc1 Kd6 42. f4 Kd5 43. Kd2 Ke4 44. Kc1 Kd3 0-1

[Event "DEM U14w 2012"]
[Site "Oberhof GER"]
[Date "2012.06.01"]
[Round "8"]
[White "Schwarz, Larissa"]
[Black "Bluhm, Sonja Maria"]
[Result "0-1"]
[Termination "normal"]
[Board "1"]
[WhiteElo "1875"]
[BlackElo "1973"]
[PlyCount "52"]
[WhiteFideId "24699004"]
[BlackFideId "24654027"]
[EventCountry "GER"]
[EventRounds "9"]
[EventType "swiss"]
[EventDate "2012.05.26"]

1. e4 c5 2. Nf3 e6 3. d4 cxd4 4. Nxd4 Nf6 5. Nc3 Nc6 6. Ndb5 Bc5 7. Nd6+ Ke7 8.
Nc4 d5 9. exd5 exd5 10. Qe2+ Be6 11. Na3 Re8 12. Bg5 Kf8 13. O-O-O Bxa3 14.
bxa3 Qa5 15. Bxf6 Qxa3+ 16. Kb1 gxf6 17. Qf3 d4 18. Qxf6 dxc3 19. Qh6+ Ke7 20.
Qg5+ f6 21. Qg7+ Bf7 22. Re1+ Ne5 23. Rxe5+ fxe5 24. Qxe5+ Kd8 25. Qf6+ Kc8 26.
Qf5+ Be6 0-1

[Event "DEM U14w 2012"]
[Site "Oberhof GER"]
[Date "2012.06.01"]
[Round "8"]
[White "Kempe, Anne"]
[Black "Wiesner, Paula"]
[Result "0-1"]
[Termination "normal"]
[Board "2"]
[WhiteElo "1648"]
[BlackElo "1770"]
[PlyCount "48"]
[WhiteFideId "12918083"]
[BlackFideId "24654019"]
[EventCountry "GER"]
[EventRounds "9"]
[EventType "swiss"]
[EventDate "2012.05.26"]

1. e4 e6 2. d4 d5 3. Nc3 Bb4 4. e5 Ne7 5. a3 Bxc3+ 6. bxc3 b6 7. f4 Ba6 8. Bxa6
Nxa6 9. Nf3 Qd7 10. a4 Nb8 11. O-O Nbc6 12. Qd3 Na5 13. Nd2 Rc8 14. Rf3 c5 15.
Rg3 Ng6 16. Rf3 cxd4 17. cxd4 Nc4 18. Nxc4 Rxc4 19. a5 O-O 20. axb6 axb6 21. c3
Ra4 22. Rb1 Qc6 23. f5 exf5 24. Qxf5 Nh4 0-1

[Event "DEM U14w 2012"]
[Site "Oberhof GER"]
[Date "2012.06.01"]
[Round "8"]
[White "Zahn, Alina"]
[Black "Srokovskiy, Andrea"]
[Result "1-0"]
[Termination "normal"]
[Board "3"]
[WhiteElo "1773"]
[BlackElo "1767"]
[PlyCount "43"]
[WhiteFideId "24696730"]
[BlackFideId "4624947"]
[EventCountry "GER"]
[EventRounds "9"]
[EventType "swiss"]
[EventDate "2012.05.26"]

1. e4 c5 2. Nf3 e6 3. d4 cxd4 4. Nxd4 Nf6 5. Bd3 Nc6 6. Nxc6 bxc6 7. e5 Qa5+ 8.
Nc3 Qxe5+ 9. Ne2 Bc5 10. O-O h5 11. c3 g5 12. h3 h4 13. Kh1 g4 14. Bf4 Qh5 15.
Ng1 Kd8 16. Be2 Qf5 17. Be3 gxh3 18. Nxh3 Rg8 19. Bxc5 Qxc5 20. Qa4 Rh8 21.
Rad1 Rb8 22. Qf4 1-0

[Event "DEM U14w 2012"]
[Site "Oberhof GER"]
[Date "2012.06.01"]
[Round "8"]
[White "Manusina, Nicole"]
[Black "Gaßmann, Linda"]
[Result "1-0"]
[Termination "normal"]
[Board "4"]
[WhiteElo "1783"]
[BlackElo "1779"]
[PlyCount "45"]
[WhiteFideId "24657514"]
[BlackFideId "12900451"]
[EventCountry "GER"]
[EventRounds "9"]
[EventType "swiss"]
[EventDate "2012.05.26"]

1. d4 d5 2. c4 c6 3. Nf3 Bg4 4. Ne5 Bh5 5. Nc3 e6 6. cxd5 exd5 7. Bf4 Nd7 8.
Qd2 Ngf6 9. e3 Be7 10. Bd3 Bg6 11. Nxg6 hxg6 12. h3 Rc8 13. O-O Nf8 14. Rae1
Ne6 15. Be5 Kf8 16. f4 Ra8 17. f5 gxf5 18. Bxf5 Ng5 19. e4 Ngxe4 20. Nxe4 Nxe4
21. Bxe4 dxe4 22. Rxe4 Bd6 23. Qf4 1-0

[Event "DEM U14w 2012"]
[Site "Oberhof GER"]
[Date "2012.06.01"]
[Round "8"]
[White "Nobis, Anna"]
[Black "Rosmait, Emily"]
[Result "1-0"]
[Termination "normal"]
[Board "5"]
[WhiteElo "1577"]
[BlackElo "1628"]
[PlyCount "155"]
[WhiteFideId "1270302"]
[BlackFideId "12937754"]
[EventCountry "GER"]
[EventRounds "9"]
[EventType "swiss"]
[EventDate "2012.05.26"]

1. e4 e5 2. Bc4 Nf6 3. d3 Bc5 4. Nf3 d6 5. c3 Bb6 6. O-O Bg4 7. Nbd2 Nc6 8. Re1
Qd7 9. b4 h5 10. a4 a6 11. a5 Ba7 12. Qb3 O-O 13. Ng5 Rae8 14. Ngf3 g6 15. Qd1
Kg7 16. Nf1 d5 17. exd5 Nxd5 18. Ra3 f6 19. h3 Be6 20. Ng3 Rd8 21. Qb3 Rfe8 22.
Qa4 Qd6 23. Ne4 Qf8 24. b5 Nb8 25. Re2 Bc5 26. Nxc5 Qxc5 27. Qb3 axb5 28. Qxb5
Qxb5 29. Bxb5 c6 30. Ba4 Re7 31. Bc2 Rdd7 32. Bb1 Na6 33. Bd2 Ndc7 34. Bc2 Ne8
35. Ra1 Nd6 36. Rae1 Kf7 37. Bc1 Nb5 38. Bb2 Bf5 39. Bb3+ Be6 40. Bxe6+ Rxe6
41. d4 Kg8 42. dxe5 fxe5 43. Rxe5 Red6 44. Re8+ Kf7 45. c4 Nd4 46. Nxd4 Rxd4
47. Bxd4 Rxd4 48. R8e4 Rd7 49. Rf4+ Kg7 50. Rb1 Nc5 51. Rf3 Re7 52. Rd1 Rc7 53.
Rg3 Ne4 54. Re3 Nc5 55. Re5 Nb3 56. Rd3 Nc1 57. Ra3 Rd7 58. Re1 Nd3 59. Rd1 Nc5
60. Rxd7+ Nxd7 61. a6 bxa6 62. Rxa6 Ne5 63. c5 g5 64. Kf1 Kf6 65. Ra4 Nd3 66.
Rc4 Ne5 67. Rd4 Kf5 68. Ke2 Ng6 69. g4+ hxg4 70. hxg4+ Ke5 71. Ke3 Ne7 72. Re4+
Kf6 73. Rxe7 Kxe7 74. f4 gxf4+ 75. Kxf4 Kf6 76. g5+ Ke6 77. Kg4 Kf7 78. Kf5 1-0

[Event "DEM U14w 2012"]
[Site "Oberhof GER"]
[Date "2012.06.01"]
[Round "8"]
[White "Lemke, Berfîn"]
[Black "Brandl, Lea Maria"]
[Result "0-1"]
[Termination "normal"]
[Board "6"]
[WhiteElo "1530"]
[BlackElo "1622"]
[PlyCount "120"]
[WhiteFideId "1270578"]
[BlackFideId "24693049"]
[EventCountry "GER"]
[EventRounds "9"]
[EventType "swiss"]
[EventDate "2012.05.26"]

1. e4 c5 2. Nf3 d6 3. d4 cxd4 4. Nxd4 Nf6 5. Nc3 a6 6. Bg5 e6 7. f4 Qb6 8. Qd2
Nc6 9. Nxc6 bxc6 10. Bxf6 gxf6 11. O-O-O Bd7 12. Na4 Qb7 13. Bd3 Rb8 14. b3 d5
15. Qc3 Ba3+ 16. Nb2 Ke7 17. exd5 cxd5 18. g4 Rhc8 19. Qe1 a5 20. g5 fxg5 21.
fxg5 Qc7 22. Kb1 a4 23. Rc1 Qf4 24. Rf1 Qxg5 25. Qg3 Qxg3 26. hxg3 h6 27. Rh1
axb3 28. cxb3 Rxc1+ 29. Rxc1 Bd6 30. Rg1 Rg8 31. Rh1 Rxg3 32. Kc2 Be5 33. Nd1
Rg2+ 34. Kb1 Bg7 35. a4 Rg4 36. Kc2 Rb4 37. Rg1 Bf6 38. Rh1 Bg5 39. Nc3 Rb8 40.
Rb1 Rc8 41. Kb2 Bf6 42. Rc1 d4 43. Ne4 Rxc1 44. Kxc1 Be5 45. a5 Bc6 46. b4 f5
47. Nd2 Bf4 48. b5 Bxd2+ 49. Kxd2 Bd5 50. b6 Kd7 51. Bb5+ Kc8 52. a6 Kb8 53.
Bd7 h5 54. Kd3 h4 55. Kxd4 h3 56. Kc5 h2 57. Bc6 Bxc6 58. Kxc6 h1=Q+ 59. Kd6
Qd5+ 60. Ke7 f4 0-1

[Event "DEM U14w 2012"]
[Site "Oberhof GER"]
[Date "2012.06.01"]
[Round "8"]
[White "Weber, Sandra"]
[Black "Fesselier, Melissa"]
[Result "0-1"]
[Termination "normal"]
[Board "7"]
[WhiteElo "1617"]
[BlackElo "1624"]
[PlyCount "118"]
[WhiteFideId "1270049"]
[BlackFideId "20689284"]
[EventCountry "GER"]
[EventRounds "9"]
[EventType "swiss"]
[EventDate "2012.05.26"]

1. e4 e6 2. d4 d5 3. Nc3 Bb4 4. e5 c5 5. Bd2 cxd4 6. Nb5 Be7 7. Qg4 g6 8. Nxd4
h5 9. Qf4 Nd7 10. h4 a6 11. Ngf3 Qc7 12. c3 Nh6 13. Bd3 Ng4 14. O-O Ndxe5 15.
Nxe5 Qxe5 16. Nf3 Qxf4 17. Bxf4 b5 18. Rae1 Kd7 19. Re2 Bb7 20. Rfe1 Rac8 21.
Bg3 Rc6 22. Nd4 Rcc8 23. f3 Nf6 24. Kf1 Bd6 25. Bxd6 Kxd6 26. Nxe6 Rce8 27. Nd4
Rxe2 28. Rxe2 Nd7 29. Kf2 Ne5 30. Re3 f5 31. Bb1 Bc8 32. Re2 Bd7 33. g3 Rc8 34.
f4 Ng4+ 35. Kg2 Rb8 36. Bd3 a5 37. Nf3 b4 38. c4 Re8 39. Rxe8 Bxe8 40. cxd5
Ne3+ 41. Kf2 Nd1+ 42. Ke2 Nxb2 43. Ne5 Nxd3 44. Kxd3 Kxd5 45. Ke3 a4 46. Kd3 b3
47. axb3 axb3 48. Kc3 Ke4 49. Kxb3 Ke3 50. Kc3 Kf2 51. Kd2 Kxg3 52. Ke3 Kxh4
53. Nf3+ Kg4 54. Ke2 Kxf4 55. Kf2 g5 56. Nd4 h4 57. Ne2+ Kg4 58. Kg2 f4 59. Ng1
Bc6+ 0-1

[Event "DEM U14w 2012"]
[Site "Oberhof GER"]
[Date "2012.06.01"]
[Round "8"]
[White "Heinemann, Josefine"]
[Black "Petermann, Tessa"]
[Result "1-0"]
[Termination "normal"]
[Board "8"]
[WhiteElo "1853"]
[BlackElo "1428"]
[PlyCount "67"]
[WhiteFideId "12900460"]
[BlackFideId "12929492"]
[EventCountry "GER"]
[EventRounds "9"]
[EventType "swiss"]
[EventDate "2012.05.26"]

1. e4 c5 2. Nf3 e6 3. d4 cxd4 4. Nxd4 a6 5. Be3 Nf6 6. Bd3 Qc7 7. O-O Be7 8.
Kh1 d6 9. f4 O-O 10. Qe2 Nbd7 11. Nc3 Nc5 12. Bd2 b6 13. Rf3 Nxd3 14. cxd3 Bb7
15. Rh3 Rfe8 16. Rf1 d5 17. e5 Nd7 18. Rc1 Qd8 19. f5 Bc5 20. fxe6 Bxd4 21.
exf7+ Kxf7 22. Qh5+ Ke6 23. Qg4+ Kf7 24. Qf5+ Nf6 25. exf6 Bxf6 26. Qh5+ Kf8
27. Qxh7 Ke7 28. Re1+ Kd7 29. Qf5+ Kc7 30. Bf4+ Kc6 31. Re6+ Rxe6 32. Qxe6+ Kc5
33. Ne4+ dxe4 34. Qc4# 1-0

[Event "DEM U14w 2012"]
[Site "Oberhof GER"]
[Date "2012.06.01"]
[Round "8"]
[White "Schneider, Sabrina"]
[Black "Sherif, Amina"]
[Result "1/2-1/2"]
[Termination "normal"]
[Board "9"]
[WhiteElo "1237"]
[BlackElo "1574"]
[PlyCount "41"]
[WhiteFideId "12951986"]
[BlackFideId "12911690"]
[EventCountry "GER"]
[EventRounds "9"]
[EventType "swiss"]
[EventDate "2012.05.26"]

1. e4 e5 2. Nf3 Nf6 3. Nc3 Nc6 4. d4 exd4 5. Nxd4 Bb4 6. Nxc6 bxc6 7. Bd3 O-O
8. O-O d5 9. exd5 cxd5 10. Bg5 c6 11. Qf3 Bd6 12. h3 h6 13. Bxf6 Qxf6 14. Qxf6
gxf6 15. Ne2 Rb8 16. b3 Be5 17. c3 Kh8 18. f4 Bc7 19. Rac1 Bb6+ 20. Kh1 Re8 21.
Rf3 1/2-1/2

[Event "DEM U14w 2012"]
[Site "Oberhof GER"]
[Date "2012.06.01"]
[Round "8"]
[White "Koch, Elisabeth"]
[Black "Holschuh, Luisa"]
[Result "1-0"]
[Termination "normal"]
[Board "10"]
[WhiteElo "1739"]
[BlackElo "1289"]
[PlyCount "41"]
[WhiteFideId "24695068"]
[BlackFideId "12951978"]
[EventCountry "GER"]
[EventRounds "9"]
[EventType "swiss"]
[EventDate "2012.05.26"]

1. e4 d5 2. d4 dxe4 3. Nc3 Nf6 4. Bg5 Bf5 5. Bc4 e6 6. Nge2 c5 7. d5 exd5 8.
Bxd5 Qb6 9. Bxf6 gxf6 10. Rb1 Nd7 11. Ng3 Be6 12. Bxe4 O-O-O 13. O-O Ne5 14.
Qe2 Bc4 15. Qe3 Bxf1 16. Nxf1 Bd6 17. Nd5 Qa6 18. a3 Bc7 19. Qxc5 Qd6 20. Qxa7
Nd7 21. Ne7+ 1-0

[Event "DEM U14w 2012"]
[Site "Oberhof GER"]
[Date "2012.06.01"]
[Round "8"]
[White "Klinge, Alexandra"]
[Black "Morio, Estelle"]
[Result "1/2-1/2"]
[Termination "normal"]
[Board "12"]
[WhiteElo "1303"]
[BlackElo "1355"]
[PlyCount "56"]
[BlackFideId "12951951"]
[EventCountry "GER"]
[EventRounds "9"]
[EventType "swiss"]
[EventDate "2012.05.26"]

1. e4 e5 2. Nf3 Nc6 3. d4 exd4 4. Nxd4 g6 5. Be3 Bg7 6. Be2 Nf6 7. Nc3 O-O 8.
O-O Re8 9. f3 d5 10. Nxc6 bxc6 11. Qd3 Qd6 12. Rad1 Rb8 13. b3 Bd7 14. Bf2 Rbd8
15. Rfe1 Bc8 16. Bf1 dxe4 17. Nxe4 Nxe4 18. Rxe4 Rxe4 19. fxe4 Bg4 20. Re1 Qe7
21. Qg3 Be6 22. Qf4 Qd7 23. Kh1 a5 24. Bg3 Rc8 25. Ba6 Ra8 26. Bf1 Ra7 27. Bf2
Ra6 28. Bg3 Ra7 1/2-1/2

[Event "DEM U14w 2012"]
[Site "Oberhof GER"]
[Date "2012.06.01"]
[Round "8"]
[White "Reyher, Susan"]
[Black "Wetzler, Sophia"]
[Result "0-1"]
[Termination "normal"]
[Board "13"]
[WhiteElo "1413"]
[BlackElo "1297"]
[PlyCount "112"]
[WhiteFideId "24686107"]
[BlackFideId "12951960"]
[EventCountry "GER"]
[EventRounds "9"]
[EventType "swiss"]
[EventDate "2012.05.26"]

1. e4 e5 2. Nf3 Nc6 3. Bc4 Bc5 4. c3 Nf6 5. d3 h6 6. Bb3 d6 7. Nbd2 Bg4 8. Nf1
O-O 9. Ng3 d5 10. h3 Be6 11. O-O Qe7 12. Be3 Bxe3 13. fxe3 Rad8 14. exd5 Bxd5
15. Bxd5 Nxd5 16. Qe2 Rfe8 17. e4 Nf4 18. Qc2 Nxd3 19. Nf5 Qc5+ 20. Kh2 Kh7 21.
Rad1 Nf4 22. Rxd8 Rxd8 23. a3 Qf8 24. Nxe5 Nxe5 25. Rxf4 g6 26. Nd4 a6 27. Qf2
Qd6 28. Kh1 Kg7 29. g3 c5 30. Ne2 Qd1+ 31. Qf1 Qxf1+ 32. Rxf1 Rd2 33. Nc1 Rxb2
34. Re1 Rc2 35. Ne2 Nf3 36. Rf1 Rxe2 37. Rxf3 Rxe4 38. Rf4 Re3 39. Rc4 Rxg3 40.
Kh2 Rg5 41. h4 b5 42. hxg5 bxc4 43. gxh6+ Kxh6 44. Kg3 Kg5 45. a4 a5 46. Kf3
Kf5 47. Ke3 g5 48. Kf3 g4+ 49. Ke3 Ke5 50. Ke2 Ke4 51. Kf2 Kd3 52. Kg3 Kxc3 53.
Kxg4 Kd3 54. Kf5 c3 55. Ke5 c2 56. Kd5 c1=Q 0-1

[Event "DEM U14w 2012"]
[Site "Oberhof GER"]
[Date "2012.06.01"]
[Round "8"]
[White "Silber, Stefanie"]
[Black "Eltze, Marlen"]
[Result "1-0"]
[Termination "normal"]
[Board "14"]
[WhiteElo "1036"]
[BlackElo "1183"]
[PlyCount "55"]
[WhiteFideId "12918245"]
[EventCountry "GER"]
[EventRounds "9"]
[EventType "swiss"]
[EventDate "2012.05.26"]

1. e4 e5 2. Nf3 Nc6 3. d4 exd4 4. Nxd4 Bc5 5. Be3 Qf6 6. c3 d6 7. Bc4 Nge7 8.
O-O Qg6 9. Nd2 O-O 10. f4 Rd8 11. f5 Qf6 12. N2f3 h6 13. b4 Bxd4 14. Nxd4 d5
15. Bd3 dxe4 16. Bxe4 Nxd4 17. Bxd4 Qg5 18. Qf3 f6 19. Be3 Qh4 20. Bf2 Qg5 21.
h4 Qd2 22. Rfd1 Qb2 23. Rxd8+ Kh7 24. Re1 Qxa2 25. Bb1 Qc4 26. Rxe7 Qb5 27. Qg3
Bxf5 28. Qxg7# 1-0

[Event "DEM U14w 2012"]
[Site "Oberhof GER"]
[Date "2012.06.02"]
[Round "9"]
[White "Brandl, Lea Maria"]
[Black "Wiesner, Paula"]
[Result "0-1"]
[Termination "normal"]
[Board "2"]
[WhiteElo "1622"]
[BlackElo "1770"]
[PlyCount "76"]
[WhiteFideId "24693049"]
[BlackFideId "24654019"]
[EventCountry "GER"]
[EventRounds "9"]
[EventType "swiss"]
[EventDate "2012.05.26"]

1. d4 e6 2. c4 Bb4+ 3. Bd2 a5 4. a3 Bxd2+ 5. Qxd2 Nf6 6. Nc3 b6 7. e4 Bb7 8.
Bd3 d5 9. cxd5 exd5 10. e5 Nfd7 11. Nb5 Ba6 12. Ne2 Bxb5 13. Bxb5 O-O 14. O-O
c6 15. Ba4 c5 16. Bb3 c4 17. Bc2 b5 18. f4 f5 19. exf6 Nxf6 20. Ng3 Nc6 21.
Rae1 Re8 22. Qf2 Qb6 23. Rd1 Ng4 24. Qf3 Ne3 25. Bb1 Nxd1 26. Qxd5+ Kh8 27.
Rxd1 Ne7 28. Qh5 Ng6 29. Bxg6 Qxg6 30. Qxb5 Qc2 31. Rf1 Qd3 32. Qc5 Rac8 33.
Qa7 Rcd8 34. Qxa5 Qxd4+ 35. Kh1 Qxb2 36. Qb4 Qxb4 37. axb4 c3 38. Rc1 c2 0-1